skbl

Dr Suryya Kumar Bhuyan Library Web-OPAC
ডঃ সূৰ্য্য
কুমাৰ ভূঞা পুথিভঁৰাল ৱেব-অ'পেক

All Research Scholars are advised to clear the annual library fees to continue using Library Resources, Remote Access, Plagiarism Test and Library Clearance.

Cotton University Book Fair 2026

Immunology / (Record no. 52520)

MARC details
000 -LEADER
fixed length control field 00737nam a2200289Ia 4500
001 - CONTROL NUMBER
control field 52556
005 - DATE AND TIME OF LATEST TRANSACTION
control field 20240114005310.0
007 - PHYSICAL DESCRIPTION FIXED FIELD--GENERAL INFORMATION
fixed length control field ta
008 - FIXED-LENGTH DATA ELEMENTS--GENERAL INFORMATION
fixed length control field 100816s2010 g b000 u 465 u
020 ## - INTERNATIONAL STANDARD BOOK NUMBER
International Standard Book Number 978-81-309-1284-4
040 ## - CATALOGING SOURCE
Original cataloging agency Cotton College,Assam
041 ## - LANGUAGE CODE
Language code of text/sound track or separate title 465
082 ## - DEWEY DECIMAL CLASSIFICATION NUMBER
Classification number 571.96
Item number Ha 196 Im
100 ## - MAIN ENTRY--PERSONAL NAME
Personal name Hannigan, B.M .
245 #0 - TITLE STATEMENT
Title Immunology /
Statement of responsibility, etc. B.M.Hannigan, C.BT.Moore and D.G.Quinn.
Medium Textual Documents
250 ## - EDITION STATEMENT
Edition statement Ist ed /
260 ## - PUBLICATION, DISTRIBUTION, ETC.
Place of publication, distribution, etc. New Delhi :
Name of publisher, distributor, etc. Viva Books ,
Date of publication, distribution, etc. 2010.
300 ## - PHYSICAL DESCRIPTION
Extent 382p ;
Dimensions 23cm.
653 ## - INDEX TERM--UNCONTROLLED
Uncontrolled term Immunology
700 ## - ADDED ENTRY--PERSONAL NAME
Personal name .Moore, C.BT .
700 ## - ADDED ENTRY--PERSONAL NAME
Personal name .Quinn, D.G .
942 ## - ADDED ENTRY ELEMENTS (KOHA)
Source of classification or shelving scheme Dewey Decimal Classification
Koha item type Books
Holdings
Withdrawn status Lost status Damaged status Not for loan Collection Home library Current library Date acquired Coded location qualifier Total checkouts Full call number Barcode Date last seen Copy number Price effective from Koha item type
          Dr. Suryya Kumar Bhuyan Library Dr. Suryya Kumar Bhuyan Library 01/02/2012 00000   571.96 Ha 196 Im 92845 14/01/2024 3 01/02/2012 Books
          Dr. Suryya Kumar Bhuyan Library Dr. Suryya Kumar Bhuyan Library 01/02/2012 00000   571.96 Ha 196 Im 891/Zoo 14/01/2024 1 01/02/2012 Books
          Dr. Suryya Kumar Bhuyan Library Dr. Suryya Kumar Bhuyan Library 01/02/2012 00000   571.96 Ha 196 Im 92844 14/01/2024 2 01/02/2012 Books

Designed and Maintained by Team SKBL
©1901-2026

Powered by Koha